Kader Barcelona Prime 2008/09 - Statistiken

Allgemein
  • Dieses Quiz wurde 272 mal gespielt
  • Das Durchschnittsergebnis liegt bei 12 aus 25
Antwortstatistiken
Postion Age Nationality Number Antwort % Korrekt
Striker 24.06.1987 Argentina 10 Lionel Messi
95%
Midfielder 25.01.1980 Spain 6 Xavi
89%
Midfielder 11.05.1984 Spain 8 Iniesta
88%
Coach 18.01.1971 Spain X Pep Guardiola
84%
Defender 13.04.1978 Spain 5 Puyol
82%
Striker 10.03.1981 Cameroon 9 Samuel Eto'o
81%
Defender 02.02.1987 Spain 3 Piqué
79%
Striker 7.08.1977 France 14 Thierry Henry
77%
Goalkeeper 14.01.1982 Spain 1 Víctor Valdés
77%
Midfielder 16.07.1988 Spain 28 Busquets
76%
Defender 06.05.1983 Brazil 20 Dani Alves
67%
Midfielder 13.05.1983 Ivory Coast 24 Yaya Touré
55%
Defender 11.09.1979 France 22 Éric Abidal
54%
Striker 28.07.1987 Spain 27 Pedro
50%
Defender 13.02.1979 Mexico 4 Rafael Márquez
39%
Goalkeeper 08.11.1975 Spain 13 Pinto
28%
Midfielder 01.05.1981 Belarus 21 Aliaksandr Hleb
25%
Striker 28.08.1990 Spain 11 Bojan
16%
Midfielder 16.01.1980 Mali 15 Seydou Keita
15%
Midfielder 11.04.1991 Spain 44 Thiago
15%
Defender 07.04.1987 Uruguay 2 Martín Cáceres
12%
Striker 15.09.1978 Iceland 7 Eiður Guðjohnsen
11%
Defender 07.09.1980 Argentina 18 Gabriel Milito
8%
Defender 12.04.1974 Brazil 16 Sylvinho
5%
Defender 14.11.1989 Spain 32 Fontàs
2%
Keine übereinstimmenden Quizze gefunden
Verteilung der Resultate
Anzahl Personen mit jedem Resultat
Perzentil nach korrekt beantworteten Fragen
Ihre Resultats-Entwicklung
Sie haben dieses Quiz noch nicht gespielt